| 000 | 00518nam a2200169 i 4500 | ||
|---|---|---|---|
| 001 | 23355 | ||
| 003 | ES-MaACL | ||
| 005 | 20230906152846.0 | ||
| 007 | t| | ||
| 008 | 021210s1969 sp ||||1| spa d | ||
| 100 | 1 |
_aÁlvarez-Arenas, Eliseo. _920694 |
|
| 245 | 1 | 3 |
_aEl español ante el mar : _bensayo de una incomprensión histórica / _cEliseo Álvarez Arenas. |
| 260 |
_aMadrid : _bRevista de Occidente, _c[1969] |
||
| 300 |
_a398 p. ; _c18 cm. |
||
| 651 | 4 |
_aEspaña- _xHistoria. _98209 |
|
| 852 |
_aES-MaACL _jC-40396 |
||
| 999 |
_c23355 _d23355 |
||